| 000 | 00801ntm a22002057a 4500 | ||
|---|---|---|---|
| 005 | 20170810145731.0 | ||
| 008 | 170802s2014 xx a frb 000 0 eng d | ||
| 040 |
_aEG-ScBUE _beng _cEG-ScBUE |
||
| 082 | 0 | 4 |
_222 _a624 _bSAA |
| 100 | 1 | _aSaad, Abdullah Tawheed. | |
| 245 | 1 | 0 |
_aNeural smart pattern identifier for a 9 dof system under earthquake excitation / _cAbdullah Tawheed Saad. |
| 260 | _c2014. | ||
| 300 |
_aix, 108 p . : _bill . (col.) ; _c28 cm . |
||
| 500 | _aA dissertation submitted to the faculty of engineering the British University in Egypt in partial fulfillment of the requirements for the bachelor degree in civil engineering. | ||
| 590 | _anaira | ||
| 650 | 7 |
_2BUEsh _aCivil engineering _vProjects |
|
| 653 |
_bENGCIV _cAugust2017 |
||
| 700 | 1 |
_aHassan, Maguid. _eths |
|
| 942 | _2ddc | ||
| 999 |
_c25281 _d25253 |
||